Gaming Quiz

Random Gaming Quiz
Score 0/22 Timer 06:00
0 Plays Today
Gun type Gun % Correct
AssaultM4
92.5%
AssaultM16
88.5%
AssaultAk-47
86.4%
SMGMP5
83.5%
AssaultG3
74.1%
SMGMini Uzi
71.5%
SMGP90
68.8%
AssaultM14
66.9%
SMGAk-74u
66.9%
SniperM21
66.9%
LMGRPD
65.6%
Gun type Gun % Correct
AssaultG36C
64.8%
AssaultMP44
60.3%
SMGSkorpion
58.7%
SniperR700
58.4%
SniperM40A3
58.1%
LMGSaw
57.1%
ShotgunM1014
47.5%
ShotgunW1200
45.6%
LMGM60E4
36.3%
SniperDragonav
13.9%
SniperBeretta 50 Cal
9.1%

You're not logged in!

Compare scores with friends on all Sporcle quizzes.
OR
Log In

Sporcle TV

Today on Sporcle TV


Watch our educational content, quiz creation guides, and fun videos on Sporcle TV.

Show Comments

Extras

Created Oct 6, 2009ReportNominate
Tags:Call of Duty 4, gun

Top Quizzes Today


Score Distribution

Paid Content

Your Account Isn't Verified!

In order to create a playlist on Sporcle, you need to verify the email address you used during registration. Go to your Sporcle Settings to finish the process.

Report this User

Report this user for behavior that violates our Community Guidelines.

Details: